[Event "Helsingor CC-ch"]
[Site "Helsingor"]
[Date "2022.01.11"]
[Round "2"]
[White "Jacobsen, Per Lykke"]
[Black "Jorgensen, Dennis"]
[Result "0-1"]
[WhiteElo "1872"]
[BlackElo "2140"]
[PlyCount "81"]
[EventDate "2022.01.11"]
[EventType "swiss"]
[EventRounds "7"]
[EventCountry "DEN"]
[SourceTitle "EXT 2024"]
[Source "ChessBase"]
[SourceDate "2023.10.10"]
[SourceVersion "1"]
[SourceVersionDate "2023.10.10"]
[SourceQuality "1"]

1. e4 g6 2. g3 c6 3. Bg2 d5 4. exd5 cxd5 5. d4 Bg7 6. Ne2 Nf6 7. 0-0 0-0 8. b3 Nc6 9. Bb2 Bf5 10. a3 Rc8 11. Nd2 Qd7 12. Re1 Rfe8 13. Nf1 Na5 14. Ne3 Bh6 15. Nc3 Be6 16. Bf1 Red8 17. Qd3 Bh3 18. Rac1 Bxf1 19. Qxf1 Nc6 20. Rcd1 b6 21. Qg2 e6 22. g4 Bg7 23. f3 Qc7 24. Nb5 Qb7 25. Qg3 Ne8 26. a4 a6 27. Na3 b5 28. axb5 axb5 29. Qf2 Qb6 30. Ng2 Nd6 31. Nf4 b4 32. Nb1 Nb5 33. Ne2 Na5 34. Qe3 Rxc2 35. Rd2 Rdc8 36. Rxc2 Rxc2 37. Rc1 Rxb2 38. Rc8+ Bf8 39. Qh6 Rxb1+ 40. Kg2 Qd6 41. Ng1 0-1

[Event "Helsingor CC-ch"]
[Site "Helsingor"]
[Date "2022.01.11"]
[Round "1"]
[White "Jorgensen, Dennis"]
[Black "Henningsen, Lasse"]
[Result "1/2-1/2"]
[WhiteElo "2140"]
[BlackElo "1950"]
[PlyCount "101"]
[EventDate "2022.01.11"]
[EventType "swiss"]
[EventRounds "7"]
[EventCountry "DEN"]
[SourceTitle "EXT 2024"]
[Source "ChessBase"]
[SourceDate "2023.10.10"]
[SourceVersion "1"]
[SourceVersionDate "2023.10.10"]
[SourceQuality "1"]

1. d4 d5 2. c4 e6 3. Nf3 Nf6 4. g3 Nbd7 5. Bg2 c6 6. Qc2 Bd6 7. 0-0 0-0 8. Nbd2 Re8 9. e4 dxe4 10. Nxe4 Nxe4 11. Qxe4 e5 12. Bg5 f6 13. Bd2 exd4 14. Qxd4 Ne5 15. Bf4 Nxf3+ 16. Bxf3 Bxf4 17. Qxf4 Qa5 18. Rfd1 Qf5 19. Rd4 Qxf4 20. Rxf4 Be6 21. Re1 Rad8 22. Rfe4 Kf7 23. b3 Bf5 24. Rxe8 Rxe8 25. Rd1 Ke7 26. Kf1 Rd8 27. Rxd8 Kxd8 28. Ke1 Kc7 29. Kd2 c5 30. Be2 Kd6 31. f4 g5 32. Bd1 h6 33. Ke3 g4 34. a3 b6 35. Be2 Ke6 36. b4 Kd6 37. Kd2 h5 38. Bd1 Be4 39. Kc3 f5 40. Ba4 Bc6 41. Bc2 Bd7 42. Bd3 Be6 43. Bc2 Bd7 44. Bd1 Be6 45. Ba4 Bd7 46. bxc5+ bxc5 47. Bb5 Bc6 48. Kb3 Kc7 49. Ka4 a6 50. Bxc6 Kxc6 51. Ka5 1/2-1/2

[Event "Hillerod 100th Ann op"]
[Site "Hillerod"]
[Date "2020.02.14"]
[Round "8"]
[White "Madsen, Michael Ole"]
[Black "Jorgensen, Dennis"]
[Result "1/2-1/2"]
[WhiteElo "2042"]
[BlackElo "2154"]
[PlyCount "93"]
[EventDate "2020.02.08"]
[EventType "swiss"]
[EventRounds "9"]
[EventCountry "DEN"]
[SourceTitle "CBM 194 Extra"]
[Source "ChessBase"]
[SourceDate "2020.03.31"]
[SourceVersion "1"]
[SourceVersionDate "2020.03.31"]
[SourceQuality "1"]

1. d4 Nf6 2. c4 e6 3. Nf3 b6 4. Bf4 Bb7 5. e3 h6 6. h3 Bd6 7. Bxd6 cxd6 8. Nc3 d5 9. cxd5 Nxd5 10. Bd3 Nxc3 11. bxc3 0-0 12. 0-0 d6 13. Qe2 Nd7 14. Rac1 Re8 15. Nd2 Nf6 16. Ba6 Qc8 17. Bb5 Re7 18. Qd3 Rc7 19. e4 a6 20. Ba4 b5 21. Bb3 Qd8 22. a4 Rac8 23. axb5 axb5 24. Rfe1 Qd7 25. Rc2 e5 26. Ra1 d5 27. exd5 exd4 28. c4 bxc4 29. Rxc4 Qxd5 30. f3 Rxc4 31. Bxc4 Qe5 32. Nf1 Bd5 33. Bxd5 Qxd5 34. Rd1 Rd8 35. Ng3 Qe5 36. Ne2 Nh5 37. Qe4 Qc5 38. Kh1 Rd6 39. Qe8+ Kh7 40. Qe4+ g6 41. Qe7 Qb6 42. Qxf7+ Ng7 43. Ng3 Rf6 44. Qd7 Rd6 45. Qf7 Rf6 46. Qd7 Qd6 47. Ne4 1/2-1/2

[Event "Hillerod 100th Ann op"]
[Site "Hillerod"]
[Date "2020.02.13"]
[Round "7"]
[White "Jorgensen, Dennis"]
[Black "Ramkilde, Mikael"]
[Result "1-0"]
[WhiteElo "2154"]
[BlackElo "1952"]
[PlyCount "53"]
[EventDate "2020.02.08"]
[EventType "swiss"]
[EventRounds "9"]
[EventCountry "DEN"]
[SourceTitle "CBM 194 Extra"]
[Source "ChessBase"]
[SourceDate "2020.03.31"]
[SourceVersion "1"]
[SourceVersionDate "2020.03.31"]
[SourceQuality "1"]

1. Nf3 Nf6 2. d4 c5 3. e3 d5 4. c4 e6 5. a3 a6 6. dxc5 Bxc5 7. b4 Be7 8. Bb2 0-0 9. Nbd2 Nc6 10. Rc1 Re8 11. Qc2 h6 12. Be2 Bf8 13. 0-0 Bd7 14. Rfd1 Rc8 15. Qb1 Na7 16. Bd4 Nc6 17. Ba1 Na7 18. Qb3 b5 19. c5 Nc6 20. Ne5 g6 21. Ndf3 Ne7 22. Qb2 Bg7 23. Ng4 Kh8 24. Nfe5 Rf8 25. Nxd7 Qxd7 26. Nxf6 Qd8 27. Qb1 1-0

[Event "Hillerod 100th Ann op"]
[Site "Hillerod"]
[Date "2020.02.12"]
[Round "6"]
[White "Wu, Sibo"]
[Black "Jorgensen, Dennis"]
[Result "1-0"]
[WhiteElo "2060"]
[BlackElo "2154"]
[PlyCount "125"]
[EventDate "2020.02.08"]
[EventType "swiss"]
[EventRounds "9"]
[EventCountry "DEN"]
[SourceTitle "CBM 194 Extra"]
[Source "ChessBase"]
[SourceDate "2020.03.31"]
[SourceVersion "1"]
[SourceVersionDate "2020.03.31"]
[SourceQuality "1"]

1. d4 Nf6 2. Nf3 e6 3. c4 b6 4. g3 Ba6 5. b3 Bb4+ 6. Bd2 Be7 7. Bg2 c6 8. Bc3 d5 9. Nbd2 Nbd7 10. 0-0 0-0 11. Qc2 Rc8 12. e4 b5 13. e5 Ne8 14. c5 b4 15. Bxb4 Bxf1 16. Bxf1 Rb8 17. Bc3 g6 18. b4 Ng7 19. Qa4 Qc7 20. Rc1 f6 21. exf6 Bxf6 22. Re1 Rbe8 23. Ne5 Bxe5 24. dxe5 Rf7 25. f4 g5 26. fxg5 Rf5 27. Bd3 Rxg5 28. Nf3 Rh5 29. g4 Rh6 30. Kg2 Rf8 31. Qc2 Qd8 32. Qf2 Rf4 33. Qg3 Qf8 34. Rf1 Rg6 35. Bxg6 hxg6 36. Nd2 Rxf1 37. Nxf1 a5 38. a3 axb4 39. axb4 Qb8 40. Qe3 Qb5 41. Nd2 Qa4 42. Nf3 Nf8 43. Nd4 Qd1 44. Qe2 Qa4 45. Qc2 Qa6 46. Bb2 Qc8 47. b5 cxb5 48. Nxb5 Qb8 49. c6 Ne8 50. Nd6 Qb4 51. Nxe8 Qxg4+ 52. Kf2 Qf4+ 53. Ke1 Qh4+ 54. Kd1 Qg4+ 55. Kc1 Qg1+ 56. Kd2 Qxh2+ 57. Kd3 Qg3+ 58. Kd4 Qf4+ 59. Kc5 Qe3+ 60. Bd4 Qa3+ 61. Kb5 Qa8 62. Nd6 Qb8+ 63. Bb6 1-0

[Event "Hillerod 100th Ann op"]
[Site "Hillerod"]
[Date "2020.02.10"]
[Round "4"]
[White "Jorgensen, Dennis"]
[Black "Strachan, Christian C"]
[Result "1-0"]
[WhiteElo "2154"]
[BlackElo "1773"]
[PlyCount "81"]
[EventDate "2020.02.08"]
[EventType "swiss"]
[EventRounds "9"]
[EventCountry "DEN"]
[SourceTitle "CBM 194 Extra"]
[Source "ChessBase"]
[SourceDate "2020.03.31"]
[SourceVersion "1"]
[SourceVersionDate "2020.03.31"]
[SourceQuality "1"]

1. d4 d5 2. c4 c6 3. Nf3 Nf6 4. e3 a6 5. Bd3 e6 6. Nbd2 Nbd7 7. 0-0 Be7 8. b3 0-0 9. Bb2 c5 10. cxd5 exd5 11. Ne5 cxd4 12. exd4 Re8 13. Qc2 Nf8 14. Rfe1 Be6 15. Re3 Rc8 16. Qd1 Bd6 17. Ndf3 Ng4 18. Re2 f6 19. Nxg4 Bxg4 20. Rxe8 Qxe8 21. h3 Bd7 22. Nh4 g6 23. Qd2 Qf7 24. Rc1 Re8 25. Qa5 Bc8 26. Bc3 Kg7 27. Bb4 Qd7 28. Bxd6 Qxd6 29. Rc7+ Kg8 30. Qc3 Re1+ 31. Bf1 Bd7 32. Rxb7 Qe7 33. Nf3 Rd1 34. Qc2 Ra1 35. a4 Qe6 36. Rc7 Qd6 37. Qc5 Qe6 38. Ra7 Qe2 39. Nh2 Qe6 40. Ng4 Kf7 41. Ne3 1-0

[Event "Helsingor Xtracon op"]
[Site "Helsingor"]
[Date "2019.07.28"]
[Round "10"]
[White "Magnussen, Pal"]
[Black "Jorgensen, Dennis"]
[Result "0-1"]
[WhiteElo "1985"]
[BlackElo "2140"]
[PlyCount "94"]
[EventDate "2019.07.20"]
[EventType "swiss"]
[EventRounds "10"]
[EventCountry "DEN"]
[SourceTitle "CBM 191 Extra"]
[Source "ChessBase"]
[SourceDate "2019.09.30"]
[SourceVersion "1"]
[SourceVersionDate "2019.09.30"]
[SourceQuality "1"]

1. e4 g6 2. d4 Bg7 3. Nf3 c6 4. Nc3 d5 5. Be3 dxe4 6. Nxe4 Nd7 7. Qd2 Nb6 8. Be2 Qd5 9. Nc3 Qe6 10. 0-0 Nf6 11. Rfe1 Nc4 12. Bxc4 Qxc4 13. Bh6 Bxh6 14. Qxh6 Be6 15. Ne5 Qb4 16. Qe3 Rd8 17. Rad1 0-0 18. Ne4 Nxe4 19. Qxe4 Rd6 20. c3 Qxb2 21. Re3 Qxa2 22. Rg3 Bd5 23. Qd3 Bb3 24. Re1 Qc2 25. Qe3 f6 26. Nxg6 hxg6 27. Qh6 Re6 28. Rc1 Kf7 29. h4 Qf5 30. Qh7+ Ke8 31. Rxg6 Re2 32. Rf1 Bf7 33. Rg7 Qxh7 34. Rxh7 a5 35. Ra1 b6 36. g3 Bb3 37. Kf1 Bc4 38. Kg1 Bb3 39. Kf1 Rd2 40. Re1 Bc4+ 41. Kg1 Re2 42. Ra1 Rg8 43. Kg2 Bd3 44. Rh5 Bg6 45. Rh6 Kf7 46. h5 Be4+ 47. Kf1 Bd3 0-1

[Event "Helsingor Xtracon op"]
[Site "Helsingor"]
[Date "2019.07.22"]
[Round "4"]
[White "Smeby, Ole"]
[Black "Jorgensen, Dennis"]
[Result "1/2-1/2"]
[WhiteElo "1887"]
[BlackElo "2140"]
[PlyCount "117"]
[EventDate "2019.07.20"]
[EventType "swiss"]
[EventRounds "10"]
[EventCountry "DEN"]
[SourceTitle "CBM 191 Extra"]
[Source "ChessBase"]
[SourceDate "2019.09.30"]
[SourceVersion "1"]
[SourceVersionDate "2019.09.30"]
[SourceQuality "1"]

1. d4 Nf6 2. c4 e6 3. Nf3 b6 4. e3 Bb7 5. Bd3 c5 6. Nc3 Be7 7. 0-0 cxd4 8. exd4 d5 9. Bf4 Nc6 10. Re1 Nb4 11. Be2 0-0 12. a3 Nc6 13. Rc1 Rc8 14. cxd5 Nxd5 15. Nxd5 Qxd5 16. Bc4 Qf5 17. Be3 Rfd8 18. Qe2 Bf6 19. Red1 Ne7 20. Bd3 Be4 21. Rxc8 Rxc8 22. Bxe4 Qxe4 23. Qd3 Qxd3 24. Rxd3 Rc2 25. b4 Nd5 26. Bd2 Kf8 27. g3 Ke8 28. Kf1 Kd7 29. Ne5+ Bxe5 30. dxe5 Kc6 31. a4 Ra2 32. a5 Kb5 33. axb6 axb6 34. h4 Kc4 35. Ke2 h5 36. Rf3 f6 37. exf6 gxf6 38. Kd1 b5 39. Ke1 f5 40. Kd1 Ra4 41. Ke2 Nxb4 42. Rc3+ Kd4 43. Rb3 Kc5 44. Rc3+ Kd6 45. Rc8 Nc6 46. Rh8 Kd5 47. Rxh5 Nd4+ 48. Kf1 b4 49. Rh8 b3 50. Bc3 e5 51. Rb8 Kc4 52. Rc8+ Kd3 53. h5 Ra6 54. Bb2 Ke4 55. Rb8 Rh6 56. Bxd4 exd4 57. Rxb3 Rxh5 58. Ke2 Rh2 59. Rf3 1/2-1/2

[Event "Helsingor Xtracon op"]
[Site "Helsingor"]
[Date "2019.07.21"]
[Round "2"]
[White "Maze, Sebastien"]
[Black "Jorgensen, Dennis"]
[Result "1-0"]
[WhiteElo "2565"]
[BlackElo "2140"]
[PlyCount "39"]
[EventDate "2019.07.20"]
[EventType "swiss"]
[EventRounds "10"]
[EventCountry "DEN"]
[SourceTitle "CBM 191 Extra"]
[Source "ChessBase"]
[SourceDate "2019.09.30"]
[SourceVersion "1"]
[SourceVersionDate "2019.09.30"]
[SourceQuality "1"]

1. e4 c6 2. d4 d5 3. e5 Bf5 4. Nf3 e6 5. Be2 Nd7 6. 0-0 h6 7. a4 Ne7 8. c3 a5 9. Nbd2 Bg6 10. Nh4 Bh7 11. f4 Nc8 12. g3 Be7 13. Ndf3 0-0 14. Bd3 Be4 15. f5 Bxh4 16. Nxh4 exf5 17. Bxe4 fxe4 18. Qg4 Kh7 19. Nf5 Rg8 20. Nxh6 1-0

[Event "DEN-ch rapid op"]
[Site "Hvidovre"]
[Date "2018.09.09"]
[Round "6"]
[White "De Blecourt, Sandra"]
[Black "Jorgensen, Dennis"]
[Result "0-1"]
[WhiteElo "2075"]
[BlackElo "2124"]
[PlyCount "54"]
[EventDate "2018.09.09"]
[EventType "swiss (rapid)"]
[EventRounds "7"]
[EventCountry "DEN"]
[SourceTitle "EXT 2020"]
[Source "ChessBase"]
[SourceDate "2019.10.17"]
[SourceVersion "1"]
[SourceVersionDate "2019.10.17"]
[SourceQuality "1"]

1. d4 Nf6 2. c4 e6 3. Nc3 Bb4 4. e3 0-0 5. Nge2 c6 6. Bd2 d5 7. cxd5 exd5 8. g3 Re8 9. Bg2 Bf5 10. 0-0 Bd6 11. Rc1 Nbd7 12. Qb3 Nb6 13. Rcd1 Qe7 14. Bc1 Nc4 15. a3 a5 16. Rde1 b5 17. f3 a4 18. Qd1 Qd7 19. g4 Bg6 20. Ng3 Qc7 21. f4 h6 22. h4 Bh7 23. g5 hxg5 24. hxg5 Nd7 25. Qg4 Bd3 26. Rf2 Nf8 27. Nh5 Bg6 0-1

[Event "Helsingor Xtracon op"]
[Site "Helsingor"]
[Date "2018.07.27"]
[Round "8"]
[White "Mansoor, Afras"]
[Black "Jorgensen, Dennis"]
[Result "0-1"]
[WhiteElo "1973"]
[BlackElo "2147"]
[PlyCount "106"]
[EventDate "2018.07.21"]
[EventType "swiss"]
[EventRounds "10"]
[EventCountry "DEN"]
[SourceTitle "CBM 185 Extra"]
[Source "ChessBase"]
[SourceDate "2018.07.29"]
[SourceVersion "1"]
[SourceVersionDate "2018.07.29"]
[SourceQuality "1"]

1. c4 c6 2. Nf3 d5 3. g3 Nf6 4. Bg2 g6 5. 0-0 Bg7 6. b3 Ne4 7. d4 0-0 8. Bb2 Nd7 9. Nbd2 Ndf6 10. Nxe4 Nxe4 11. Nd2 Nd6 12. cxd5 cxd5 13. Bxd5 Nf5 14. Bg2 Nxd4 15. Nc4 Bg4 16. Re1 Nxe2+ 17. Rxe2 Qxd1+ 18. Rxd1 Bxe2 19. Re1 Bxb2 20. Rxe2 Bf6 21. Bxb7 Rab8 22. Bf3 Rb5 23. Rd2 a5 24. Rd7 a4 25. bxa4 Rb4 26. Ne3 Rxa4 27. Bd5 e6 28. Bb3 Rd4 29. Rb7 Rc8 30. a4 Rd2 31. Nc4 Rd4 32. Ne3 Rc5 33. h3 Rd3 34. Kg2 Bd4 35. Ng4 h5 36. Nh6+ Kg7 37. Nxf7 Rxb3 38. Rxb3 Kxf7 39. Rd3 Bc3 40. f4 Ke7 41. g4 Ba5 42. Rd4 Bc3 43. Re4 Kd6 44. Kg3 Rd5 45. Kh4 Bf6+ 46. Kg3 Rd3+ 47. Kg2 Bd4 48. Re2 Ra3 49. gxh5 gxh5 50. Re4 Kd5 51. Re2 Rxa4 52. Kg3 Bf6 53. Re3 Rc4 0-1

[Event "Helsingor Xtracon op"]
[Site "Helsingor"]
[Date "2018.07.24"]
[Round "5"]
[White "Jorgensen, Dennis"]
[Black "O'Gorman, Alice"]
[Result "1-0"]
[WhiteElo "2147"]
[BlackElo "1898"]
[PlyCount "111"]
[EventDate "2018.07.21"]
[EventType "swiss"]
[EventRounds "10"]
[EventCountry "DEN"]
[SourceTitle "CBM 185 Extra"]
[Source "ChessBase"]
[SourceDate "2018.07.29"]
[SourceVersion "1"]
[SourceVersionDate "2018.07.29"]
[SourceQuality "1"]

1. Nf3 Nf6 2. d4 g6 3. g3 Bg7 4. Bg2 0-0 5. 0-0 d6 6. c4 c6 7. Nc3 Qa5 8. h3 Be6 9. Nd2 Qa6 10. d5 Bd7 11. e4 Qb6 12. Nb3 c5 13. Be3 a6 14. e5 Ne8 15. exd6 exd6 16. Re1 a5 17. Ne4 a4 18. Nbxc5 dxc5 19. Bxc5 Qxb2 20. Qf3 b6 21. Ba3 Qxa1 22. Rxa1 Bxa1 23. Qf4 Bg7 24. Bxf8 Bxf8 25. Nf6+ Nxf6 26. Qxf6 b5 27. d6 Bc6 28. Bxc6 Nxc6 29. cxb5 Nd8 30. d7 Ne6 31. b6 Bd6 32. Qf3 Rb8 33. Qc6 Bf8 34. Kg2 Nc5 35. Qc8 Nxd7 36. b7 Rxb7 37. Qxb7 Nc5 38. Qa8 Kg7 39. Qa7 Kf6 40. h4 h6 41. Qa8 Kg7 42. Kf3 Be7 43. Qd5 Bf8 44. h5 gxh5 45. Qxh5 Kf6 46. Qh4+ Kg7 47. Qg4+ Kf6 48. Qc4 Kg6 49. Qc2+ Kf6 50. Kg4 Bd6 51. f4 Bf8 52. Kh5 Ke6 53. Qc4+ Kf6 54. Qd4+ Ke6 55. Qe5+ Kd7 56. Qf5+ 1-0

[Event "Copenhagen Challenge"]
[Site "Ballerup"]
[Date "2018.04.28"]
[Round "6"]
[White "Berg, Klaus"]
[Black "Jorgensen, Dennis"]
[Result "1-0"]
[WhiteElo "2335"]
[BlackElo "2164"]
[PlyCount "51"]
[EventDate "2018.04.25"]
[EventType "swiss"]
[EventRounds "9"]
[EventCountry "DEN"]
[SourceTitle "CBM 184 Extra"]
[Source "ChessBase"]
[SourceDate "2018.06.28"]
[SourceVersion "1"]
[SourceVersionDate "2018.06.28"]
[SourceQuality "1"]

1. d4 Nf6 2. Nf3 e6 3. e3 b6 4. Bd3 Bb7 5. 0-0 Be7 6. c4 0-0 7. Nc3 c5 8. d5 exd5 9. cxd5 Nxd5 10. Nxd5 Bxd5 11. Bxh7+ Kxh7 12. Qxd5 Nc6 13. Bd2 Kg8 14. Bc3 Qc7 15. Rad1 Rad8 16. Qh5 Rfe8 17. Rd5 f6 18. Qg6 Bf8 19. Bxf6 Ne7 20. Bxe7 Bxe7 21. Rfd1 Rf8 22. Rh5 Bf6 23. Rdd5 Qc6 24. Qh7+ Kf7 25. Ne5+ Bxe5 26. Rdxe5 1-0

[Event "Helsingor Xtracon op"]
[Site "Helsingor"]
[Date "2017.07.25"]
[Round "5"]
[White "Jorgensen, Dennis"]
[Black "Moestrup, Jorn"]
[Result "1/2-1/2"]
[WhiteElo "2197"]
[BlackElo "2034"]
[PlyCount "89"]
[EventDate "2017.07.22"]
[EventType "swiss"]
[EventRounds "10"]
[EventCountry "DEN"]
[SourceTitle "CBM 179 Extra"]
[Source "ChessBase"]
[SourceDate "2017.08.23"]
[SourceVersion "1"]
[SourceVersionDate "2017.08.23"]
[SourceQuality "1"]

1. d4 d5 2. c4 c6 3. Nf3 Nf6 4. cxd5 cxd5 5. Nc3 e6 6. Bf4 Be7 7. e3 0-0 8. Bd3 Nc6 9. h3 b6 10. Rc1 Bb7 11. 0-0 Rc8 12. Re1 Na5 13. Ne5 a6 14. Qe2 b5 15. Bb1 Ne4 16. Qd3 f6 17. Nf3 Nc4 18. Rc2 Nxb2 19. Rxb2 Rxc3 20. Qd1 Qd7 21. Bd3 Rfc8 22. Qb1 Ba3 23. Rc2 Rxc2 24. Bxc2 Qc6 25. Bd3 Qc3 26. Rf1 Qb2 27. Qxb2 Bxb2 28. Rb1 Rc1+ 29. Rxc1 Bxc1 30. Bc7 Kf7 31. Ba5 Ba3 32. Ne1 h6 33. Nc2 Be7 34. a3 Nd6 35. Kf1 Nc4 36. Bb4 a5 37. Bxe7 Kxe7 38. f3 Bc6 39. h4 e5 40. Kf2 e4 41. Be2 exf3 42. gxf3 Nd6 43. Bd3 Bd7 44. f4 Ke6 45. Kg3 1/2-1/2

[Event "Copenhagen Challenge"]
[Site "Ballerup"]
[Date "2017.05.13"]
[Round "7"]
[White "Jorgensen, Dennis"]
[Black "Englert, Fabian"]
[Result "0-1"]
[WhiteElo "2172"]
[BlackElo "2375"]
[PlyCount "78"]
[EventDate "2017.05.10"]
[EventType "swiss"]
[EventRounds "9"]
[EventCountry "DEN"]
[SourceTitle "CBM 178 Extra"]
[Source "ChessBase"]
[SourceDate "2017.06.22"]
[SourceVersion "1"]
[SourceVersionDate "2017.06.22"]
[SourceQuality "1"]

1. d4 d5 2. Nf3 Nf6 3. c4 dxc4 4. e3 b5 5. a4 b4 6. Bxc4 e6 7. 0-0 Bb7 8. Qe2 Be7 9. Rd1 0-0 10. a5 a6 11. Nbd2 Nbd7 12. Nb3 Ne4 13. Bd2 Nxd2 14. Rxd2 Nf6 15. Rc1 Ne4 16. Rdd1 Bd6 17. Nc5 Bxc5 18. dxc5 Qe7 19. Bd3 Nxc5 20. Bb1 g6 21. Qc4 Bxf3 22. gxf3 Nb7 23. Be4 Nxa5 24. Qc5 Qxc5 25. Rxc5 Nb3 26. Rxc7 Rad8 27. Rxd8 Rxd8 28. Rc6 a5 29. Bc2 Nd2 30. Kg2 b3 31. Bd1 a4 32. Ra6 Nb1 33. Be2 a3 34. bxa3 Nc3 35. Rb6 Nxe2 36. Rxb3 Rd2 37. Kf1 Nc1 38. Rb8+ Kg7 39. a4 Ra2 0-1

[Event "Copenhagen Challenge"]
[Site "Ballerup"]
[Date "2017.05.12"]
[Round "4"]
[White "Nilssen, Ellen Fredericia"]
[Black "Jorgensen, Dennis"]
[Result "0-1"]
[WhiteElo "1926"]
[BlackElo "2172"]
[PlyCount "72"]
[EventDate "2017.05.10"]
[EventType "swiss"]
[EventRounds "9"]
[EventCountry "DEN"]
[SourceTitle "CBM 178 Extra"]
[Source "ChessBase"]
[SourceDate "2017.06.22"]
[SourceVersion "1"]
[SourceVersionDate "2017.06.22"]
[SourceQuality "1"]

1. e4 c6 2. d4 d5 3. exd5 cxd5 4. c4 Nf6 5. Nc3 e6 6. Nf3 Bb4 7. cxd5 Nxd5 8. Bd2 Nc6 9. Bd3 0-0 10. 0-0 Be7 11. a3 Bf6 12. Qc2 h6 13. Rad1 Nxc3 14. bxc3 b6 15. Qc1 h5 16. Ng5 g6 17. f4 Ne7 18. Qc2 Nf5 19. Rfe1 Bb7 20. Re5 Rc8 21. Qa4 Qc7 22. Rb1 Ba8 23. Ba6 Rcd8 24. Re2 Rd5 25. Bd3 Rfd8 26. Nf3 Ra5 27. Qb3 Bxf3 28. gxf3 Bxd4+ 29. cxd4 Nxd4 30. Qb2 Nxf3+ 31. Kf2 Rxd3 32. Rc1 Rc5 33. Rxc5 bxc5 34. Be3 Nxh2 35. Qb5 Ng4+ 36. Kf3 c4 0-1

[Event "Copenhagen OeBRO 80th anniv"]
[Site "Copenhagen"]
[Date "2016.10.18"]
[Round "1"]
[White "Jorgensen, Dennis"]
[Black "Hector, Jonny"]
[Result "0-1"]
[WhiteElo "2224"]
[BlackElo "2513"]
[PlyCount "110"]
[EventDate "2016.10.18"]
[EventType "swiss"]
[EventRounds "9"]
[EventCountry "DEN"]
[SourceTitle "CBM 175 Extra"]
[Source "ChessBase"]
[SourceDate "2016.12.12"]
[SourceVersion "1"]
[SourceVersionDate "2016.12.12"]
[SourceQuality "1"]

1. d4 d5 2. c4 c6 3. Nf3 Nf6 4. e3 Bf5 5. Nc3 e6 6. Nh4 Be4 7. f3 Bg6 8. Qb3 b5 9. cxb5 c5 10. Nxg6 hxg6 11. Bd2 Nbd7 12. g3 Bd6 13. f4 g5 14. 0-0-0 gxf4 15. gxf4 g6 16. Kb1 cxd4 17. exd4 Qb8 18. Bg2 Bxf4 19. h3 Bxd2 20. Rxd2 Qd6 21. Rf1 Kf8 22. Rdf2 Kg7 23. Nd1 Raf8 24. Qe3 Rh5 25. Nc3 Re8 26. Ne2 Rf5 27. Nc1 Qb4 28. Qg3 Rxf2 29. Qxf2 Qxb5 30. Nb3 Qd3+ 31. Ka1 Qf5 32. Qg3 Qh5 33. Rc1 Nb6 34. Qf2 Qf5 35. Qe2 Qg5 36. Rc3 Nc4 37. Qf2 Nd6 38. Qc2 Nf5 39. Qe2 Nh4 40. Bf3 Qf4 41. a3 e5 42. dxe5 Rxe5 43. Qd1 Ne4 44. Bxe4 dxe4 45. Qd4 Nf5 46. Qb4 Qf1+ 47. Ka2 Qb5 48. Qxb5 Rxb5 49. Nc1 Rd5 50. Kb3 Rd2 51. Rc7 Nd4+ 52. Ka4 e3 53. Rxa7 Rxb2 54. Re7 e2 55. Re4 f5 0-1